[Event "Czech Open GM 2019"]
[Site "Pardubice"]
[Date "2019.07.21"]
[Round "3.47"]
[White "Berdnyk, Mariia"]
[Black "Haba, Petr"]
[Result "1/2-1/2"]
[WhiteElo "2247"]
[BlackElo "2458"]
[Annotator "ChessBase"]
[PlyCount "60"]
[EventDate "2019.07.19"]
[EventType "swiss"]
[EventCountry "CZE"]
[SourceTitle "playchess.com"]
[Source "ChessBase"]
[SourceQuality "1"]

1. d4 Nf6 2. c4 e6 3. g3 d5 4. Nf3 Be7 5. Bg2 O-O 6. O-O dxc4 7. Qc2 a6 8. a4 c5 9. Rd1 Nc6 10. Na3 Nb4 11. Qb1 b5 12. axb5 Bb7 13. Bg5 Be4 14. Qc1 axb5 15. Nxb5 Rxa1 16. Qxa1 Nfd5 17. Bxe7 Qxe7 18. Qc1 Nb6 19. Na3 Rc8 20. Qe3 Bd5 21. dxc5 Rxc5 22. Qf4 Rc8 23. Qd4 Na4 24. e4 Bb7 25. Nxc4 Rxc4 26. Qxc4 Nxb2 27. Rd8+ Qxd8 28. Qxb4 Ba6 29. h4 Nd3 30. Qd4 Qxd4 1/2-1/2

[Event "Czech Open GM 2019"]
[Site "Pardubice"]
[Date "2019.07.21"]
[Round "3.48"]
[White "Abdumalik, Zhansaya"]
[Black "Jedlicka, Ales"]
[Result "1-0"]
[WhiteElo "2458"]
[BlackElo "2226"]
[Annotator "ChessBase"]
[PlyCount "71"]
[EventDate "2019.07.19"]
[EventType "swiss"]
[EventCountry "CZE"]
[SourceTitle "playchess.com"]
[Source "ChessBase"]
[SourceQuality "1"]

1. e4 c5 2. Nf3 d6 3. d4 cxd4 4. Nxd4 Nf6 5. Nc3 a6 6. h3 e5 7. Nde2 h5 8. g3 Nbd7 9. a4 h4 10. g4 Nc5 11. Bg2 Be7 12. Be3 Bd7 13. b4 Ne6 14. a5 O-O 15. O-O Rc8 16. Qd3 Qe8 17. Rfc1 Bb5 18. Nxb5 axb5 19. c4 bxc4 20. Rxc4 Qb5 21. Rac1 Rc6 22. g5 Rxc4 23. Rxc4 Nh5 24. Qd5 Qd7 25. Bf3 g6 26. Bg4 Ra8 27. Nc3 Nhg7 28. Qd1 Qd8 29. Bb6 Qf8 30. Qd5 Nxg5 31. Qxb7 f5 32. exf5 gxf5 33. Nd5 fxg4 34. Nxe7+ Kh7 35. Rxg4 Rb8 36. Rxh4+ 1-0

[Event "Czech Open GM 2019"]
[Site "Pardubice"]
[Date "2019.07.21"]
[Round "3.49"]
[White "Novik, Maxim"]
[Black "Stepan, Patrik"]
[Result "1-0"]
[WhiteElo "2450"]
[BlackElo "2221"]
[Annotator "ChessBase"]
[PlyCount "51"]
[EventDate "2019.07.19"]
[EventType "swiss"]
[EventCountry "CZE"]
[SourceTitle "playchess.com"]
[Source "ChessBase"]
[SourceQuality "1"]

1. Nf3 Nf6 2. g3 b5 3. Na3 b4 4. Nc4 c5 5. a3 bxa3 6. Rxa3 Nc6 7. Bg2 Bb7 8. O-O d5 9. Nce5 Nxe5 10. Nxe5 Nd7 11. Nc4 a5 12. d3 Qc7 13. Ne3 e6 14. Bd2 a4 15. Qa1 Nb6 16. b3 c4 17. Ra2 axb3 18. Rxa8+ Bxa8 19. cxb3 cxd3 20. exd3 Bd6 21. Rc1 Qb8 22. Qxg7 Be5 23. Qh6 Nd7 24. Ng4 Bd4 25. Bf4 e5 26. Bg5 1-0

[Event "Czech Open GM 2019"]
[Site "Pardubice"]
[Date "2019.07.21"]
[Round "3.50"]
[White "Plischki, Sebastian"]
[Black "Gombocz, Ferenc Jr."]
[Result "1-0"]
[WhiteElo "2420"]
[BlackElo "2210"]
[Annotator "NA"]
[PlyCount "81"]
[EventDate "2019.07.19"]
[EventType "swiss"]
[EventCountry "CZE"]
[SourceTitle "playchess.com"]
[Source "ChessBase"]
[SourceQuality "1"]

1. d4 d5 2. c4 c6 3. Nf3 Nf6 4. Nc3 a6 5. e3 Bf5 6. Bd2 e6 7. Qb3 Ra7 8. Nh4 Bg4 9. h3 Bh5 10. g4 Bg6 11. Nxg6 hxg6 12. Bg2 Nbd7 13. g5 dxc4 14. Qxc4 Nd5 15. h4 Ne7 16. e4 b5 17. Qe2 Nb6 18. Be3 Rd7 19. b3 Nec8 20. Qc2 Qc7 21. Ne2 Bb4+ 22. Kf1 Be7 23. Nf4 Na7 24. Nd3 Bd6 25. Qe2 Nbc8 26. Rc1 Qd8 27. f4 Ne7 28. Kf2 b4 29. h5 gxh5 30. Rxh5 Rg8 31. Rch1 Nb5 32. Rh8 Kf8 33. Rxg8+ Nxg8 34. Rh8 g6 35. Qg4 f5 36. gxf6 Qxf6 37. Rxg8+ Kxg8 38. e5 Bxe5 39. dxe5 Qf7 40. Be4 Nc3 41. Bxg6 1-0

[Event "Czech Open GM 2019"]
[Site "Pardubice"]
[Date "2019.07.21"]
[Round "3.51"]
[White "Lederman, Leon"]
[Black "Siddharth, Jagadeesh"]
[Result "0-1"]
[WhiteElo "2238"]
[BlackElo "2410"]
[Annotator "NA"]
[PlyCount "49"]
[EventDate "2019.07.19"]
[EventType "swiss"]
[EventCountry "CZE"]
[SourceTitle "playchess.com"]
[Source "ChessBase"]
[SourceQuality "1"]

1. e4 c5 2. Nf3 Nc6 3. d4 cxd4 4. Nxd4 Nf6 5. Nc3 e5 6. Ndb5 d6 7. a4 a6 8. Na3 Bg4 9. Qd2 Nd4 10. Nc4 Rc8 11. Ne3 Be6 12. f4 Rxc3 13. bxc3 Nxe4 14. Qd3 Qh4+ 15. g3 Nf3+ 16. Ke2 Nxg3+ 17. hxg3 Qxh1 18. Bg2 Ng1+ 19. Kd2 Qh2 20. Ba3 exf4 21. gxf4 Nf3+ 22. Kc1 Qxf4 23. Kb2 Ne5 24. Qd4 Qxe3 25. Bf1 0-1

[Event "Czech Open GM 2019"]
[Site "Pardubice"]
[Date "2019.07.21"]
[Round "3.52"]
[White "Koykka, Pekka"]
[Black "Parizek, Vojtech"]
[Result "1-0"]
[WhiteElo "2402"]
[BlackElo "2199"]
[Annotator "NA"]
[PlyCount "71"]
[EventDate "2019.07.19"]
[EventType "swiss"]
[EventCountry "CZE"]
[SourceTitle "playchess.com"]
[Source "ChessBase"]
[SourceQuality "1"]

1. d4 Nf6 2. c4 c5 3. d5 e6 4. Nc3 exd5 5. cxd5 d6 6. Nf3 g6 7. h3 Bg7 8. e4 O-O 9. Bd3 b5 10. Nxb5 Re8 11. O-O Nxe4 12. Re1 Nf6 13. Bg5 Rxe1+ 14. Qxe1 Bb7 15. Bc4 a6 16. Nc3 Nbd7 17. Rd1 Nb6 18. b3 Qd7 19. Qd2 Qf5 20. Nh4 Qd7 21. Qd3 Re8 22. Bxa6 Qc8 23. Bxb7 Qxb7 24. Nf3 Nfd7 25. Ne4 Qxd5 26. Qxd5 Nxd5 27. Nxd6 Nc3 28. Nxe8 Nxd1 29. Nxg7 Kxg7 30. Bd2 f6 31. Kf1 c4 32. Ke2 Nb2 33. Bc3 Nd3 34. bxc4 N7c5 35. Bd4 Nf4+ 36. Kf1 1-0

[Event "Czech Open GM 2019"]
[Site "Pardubice"]
[Date "2019.07.22"]
[Round "4.1"]
[White "Gutman, Gennadi"]
[Black "Movsesian, Sergei"]
[Result "0-1"]
[WhiteElo "2466"]
[BlackElo "2649"]
[Annotator "TA"]
[PlyCount "60"]
[EventDate "2019.07.19"]
[EventType "swiss"]
[EventCountry "CZE"]
[SourceTitle "playchess.com"]
[Source "ChessBase"]
[SourceQuality "1"]

1. d4 Nf6 2. c4 e6 3. Nf3 d5 4. Nc3 Bb4 5. Qb3 a5 6. cxd5 exd5 7. Bg5 c6 8. a3 Be7 9. e3 Nbd7 10. Bd3 h6 11. Bf4 Nh5 12. Be5 O-O 13. Qc2 Nhf6 14. Bg3 Nb6 15. O-O Be6 16. h3 Rc8 17. Rad1 Bd6 18. Ne5 c5 19. dxc5 Rxc5 20. Qe2 Qb8 21. f4 Bxe5 22. fxe5 Nfd7 23. Qh5 Nc4 24. Bxc4 dxc4 25. Ne4 Rb5 26. a4 Rxb2 27. Kh2 Qc8 28. Rd6 c3 29. Bf4 Qc4 30. Qf3 c2 0-1

[Event "Czech Open GM 2019"]
[Site "Pardubice"]
[Date "2019.07.22"]
[Round "4.1"]
[White "Rudolf, Michal"]
[Black "Erenberg, Ariel"]
[Result "1/2-1/2"]
[WhiteElo "2351"]
[BlackElo "2442"]
[Annotator "NA"]
[PlyCount "92"]
[EventDate "2019.07.19"]
[EventType "swiss"]
[EventCountry "CZE"]
[SourceTitle "playchess.com"]
[Source "ChessBase"]
[SourceQuality "1"]

1. e4 e5 2. Nf3 Nc6 3. Bc4 Bc5 4. O-O Nf6 5. d3 d6 6. Nc3 Na5 7. Bb3 Nxb3 8. axb3 a6 9. Be3 Bxe3 10. fxe3 Be6 11. Qe1 O-O 12. Qg3 Nh5 13. Qg5 g6 14. Qxd8 Raxd8 15. Ng5 Bd7 16. Nd5 h6 17. Nf3 c6 18. Nc3 Kg7 19. Rf2 Nf6 20. h3 Ne8 21. Rd1 f5 22. exf5 Rxf5 23. d4 exd4 24. exd4 Rf7 25. Re1 Nc7 26. Re3 a5 27. Rfe2 b5 28. Re7 b4 29. Rxf7+ Kxf7 30. Ne4 Bf5 31. g4 Bxe4 32. Rxe4 Ne6 33. Kf2 g5 34. Kg3 Ra8 35. h4 Kf6 36. Re1 a4 37. bxa4 Rxa4 38. Rf1 Ke7 39. Re1 Kf6 40. Rf1 Ke7 41. Re1 Kd7 42. hxg5 hxg5 43. c4 bxc3 44. bxc3 Ra2 45. Re3 Ra3 46. Kf2 Ra2+ 1/2-1/2

[Event "Czech Open GM 2019"]
[Site "Pardubice"]
[Date "2019.07.22"]
[Round "4.2"]
[White "Vykouk, Jan"]
[Black "Stocek, Jiri"]
[Result "1/2-1/2"]
[WhiteElo "2453"]
[BlackElo "2556"]
[Annotator "ChessBase"]
[PlyCount "51"]
[EventDate "2019.07.19"]
[EventType "swiss"]
[EventCountry "CZE"]
[SourceTitle "playchess.com"]
[Source "ChessBase"]
[SourceQuality "1"]

1. e4 Nf6 2. e5 Nd5 3. d4 d6 4. Nf3 dxe5 5. Nxe5 c6 6. c4 Nb4 7. Be3 Bf5 8. Nd3 e5 9. Nxb4 Bxb4+ 10. Nc3 Qa5 11. Qb3 Na6 12. Be2 exd4 13. Bxd4 O-O-O 14. Rd1 Rhe8 15. a3 Bc5 16. Bxg7 Bxf2+ 17. Kxf2 Qc5+ 18. Kf1 Qe3 19. Rxd8+ Rxd8 20. c5 Qf4+ 21. Kg1 Qe3+ 22. Kf1 Qf4+ 23. Kg1 Nxc5 24. Qxf7 Qe3+ 25. Kf1 Qf4+ 26. Kg1 1/2-1/2

[Event "Czech Open GM 2019"]
[Site "Pardubice"]
[Date "2019.07.22"]
[Round "4.2"]
[White "Koustav Chatterjee"]
[Black "Burian, Simon"]
[Result "1-0"]
[WhiteElo "2430"]
[BlackElo "2049"]
[Annotator "NA"]
[PlyCount "100"]
[EventDate "2019.07.19"]
[EventType "swiss"]
[EventCountry "CZE"]
[SourceTitle "playchess.com"]
[Source "ChessBase"]
[SourceQuality "1"]

1. d4 Nf6 2. c4 g6 3. Nc3 d5 4. Nf3 Bg7 5. h4 c6 6. cxd5 cxd5 7. Bf4 a6 8. e3 Nc6 9. Rc1 O-O 10. Qb3 Na5 11. Qb4 Nc6 12. Qa3 Bf5 13. Be2 b5 14. b4 Qb6 15. Qb3 e6 16. Ne5 Rfc8 17. O-O h5 18. Nd3 Nd7 19. Bg3 Bf6 20. Nc5 Nxc5 21. dxc5 Qb7 22. a4 Bxc3 23. Rxc3 bxa4 24. Qxa4 Qxb4 25. Qxb4 Nxb4 26. Ra1 a5 27. Bd6 Be4 28. f3 d4 29. exd4 Bc6 30. Bd1 Ra7 31. Rca3 Rca8 32. Kf2 Bb5 33. Ke3 Kg7 34. g4 hxg4 35. fxg4 Nd5+ 36. Kd2 Nb4 37. g5 Nc6 38. Bf3 Ra6 39. Kc3 Rd8 40. Bxc6 Bxc6 41. Rxa5 Rxa5 42. Rxa5 f6 43. Be7 Ra8 44. gxf6+ Kf7 45. Rxa8 Bxa8 46. Kb4 e5 47. dxe5 Ke6 48. Kb5 Kd7 49. e6+ Kxe6 50. c6 Kd5 1-0

[Event "Czech Open GM 2019"]
[Site "Pardubice"]
[Date "2019.07.22"]
[Round "4.3"]
[White "Belyakov, Bogdan"]
[Black "Iliaguev, Daniel"]
[Result "1/2-1/2"]
[WhiteElo "2500"]
[BlackElo "2053"]
[Annotator "TA"]
[PlyCount "168"]
[EventDate "2019.07.19"]
[EventType "swiss"]
[EventCountry "CZE"]
[SourceTitle "playchess.com"]
[Source "ChessBase"]
[SourceQuality "1"]

1. e4 e6 2. d4 d5 3. Nc3 Bb4 4. a3 Bxc3+ 5. bxc3 dxe4 6. Qg4 Nf6 7. Qxg7 Rg8 8. Qh6 Bd7 9. h3 c5 10. dxc5 Ba4 11. Ne2 Nbd7 12. Qd2 Nxc5 13. Qxd8+ Rxd8 14. Be3 b6 15. Rc1 Nd5 16. Bd4 e3 17. fxe3 e5 18. Bxe5 Nxe3 19. Kf2 Nxc2 20. Nd4 Rd5 21. Bf4 Nxd4 22. cxd4 Rxd4 23. Be3 Rd5 24. g4 Rg6 25. Bc4 Rf6+ 26. Kg2 Rd7 27. Rhe1 Bc6+ 28. Kh2 Kf8 29. g5 Rf3 30. Rc3 Ne4 31. Rc2 Nc5 32. Bf1 Rf5 33. Rec1 Be4 34. Bxc5+ bxc5 35. Rxc5 Rd2+ 36. Kg1 Rff2 37. Re5 Bg2 38. Bxg2 Rxg2+ 39. Kf1 Rh2 40. Kg1 Rxh3 41. Ra5 Ra2 42. Rxa7 Rhxa3 43. Rxa3 Rxa3 44. Kf2 Ra5 45. Rh1 Kg8 46. Rh6 Rxg5 47. Ra6 Kg7 48. Kf3 h5 49. Ra4 Kg6 50. Ra6+ f6 51. Ra4 Rb5 52. Kf4 Rb1 53. Kg3 Kg5 54. Ra5+ f5 55. Ra4 Rb3+ 56. Kg2 h4 57. Rc4 Rg3+ 58. Kf2 Rg4 59. Rc3 Ra4 60. Kf3 Ra2 61. Rc4 h3 62. Kg3 h2 63. Rg4+ Kf6 64. Rh4 Ke5 65. Rh8 Rd2 66. Rh4 f4+ 67. Kf3 Rd3+ 68. Kg2 Rg3+ 69. Kxh2 Rg8 70. Rh3 Ke4 71. Ra3 Rd8 72. Kg2 Rd2+ 73. Kf1 Rb2 74. Rc3 Kf5 75. Ra3 Kg4 76. Rc3 Ra2 77. Rb3 Ra4 78. Kf2 f3 79. Rb8 Ra2+ 80. Kf1 f2 81. Kg2 Kf4 82. Rf8+ Ke4 83. Rxf2 Rxf2+ 84. Kxf2 Ke5 1/2-1/2

[Event "Czech Open GM 2019"]
[Site "Pardubice"]
[Date "2019.07.22"]
[Round "4.3"]
[White "Bryzgalin, Kirill"]
[Black "Demidov, Mikhail"]
[Result "1/2-1/2"]
[WhiteElo "2437"]
[BlackElo "2546"]
[Annotator "ChessBase"]
[PlyCount "86"]
[EventDate "2019.07.19"]
[EventType "swiss"]
[EventCountry "CZE"]
[SourceTitle "playchess.com"]
[Source "ChessBase"]
[SourceQuality "1"]

1. d4 g6 2. g3 Bg7 3. Bg2 d6 4. e4 Nf6 5. Ne2 O-O 6. O-O e5 7. h3 Nc6 8. Be3 exd4 9. Nxd4 Bd7 10. Nc3 Re8 11. Re1 Nxd4 12. Bxd4 c5 13. Be3 Bc6 14. Qd3 Re6 15. Rad1 Qe8 16. Bg5 c4 17. Qf3 b5 18. Re3 Nd7 19. Qe2 Nc5 20. Nd5 Bxd5 21. Rxd5 Re5 22. Qd1 Rxg5 23. Rxg5 Bh6 24. Rxc5 dxc5 25. f4 Rd8 26. Qe2 Qd7 27. b3 g5 28. bxc4 Qd1+ 29. Qxd1 Rxd1+ 30. Bf1 gxf4 31. gxf4 bxc4 32. Rc3 Bxf4 33. Kf2 Be5 34. Rxc4 Bd4+ 35. Ke2 Ra1 36. Ra4 Rc1 37. Rc4 Kg7 38. c3 Bg1 39. e5 h5 40. a4 Kg6 41. Bg2 Rc2+ 42. Kf1 Rc1+ 43. Ke2 Rc2+ 1/2-1/2

[Event "Czech Open GM 2019"]
[Site "Pardubice"]
[Date "2019.07.22"]
[Round "4.4"]
[White "Horvath, Dominik"]
[Black "Matviishen, Viktor"]
[Result "1/2-1/2"]
[WhiteElo "2424"]
[BlackElo "2495"]
[Annotator "ChessBase"]
[PlyCount "94"]
[EventDate "2019.07.19"]
[EventType "swiss"]
[EventCountry "CZE"]
[SourceTitle "playchess.com"]
[Source "ChessBase"]
[SourceQuality "1"]

1. d4 d5 2. Nf3 Nf6 3. c4 c6 4. e3 e6 5. Nc3 Nbd7 6. Qc2 Bd6 7. Bd3 dxc4 8. Bxc4 b5 9. Be2 Bb7 10. O-O O-O 11. e4 e5 12. dxe5 Nxe5 13. Nd4 Neg4 14. g3 b4 15. Na4 c5 16. Nxc5 Bxc5 17. Qxc5 Nxe4 18. Qxb4 Ngxf2 19. Rxf2 a5 20. Qa4 Nxf2 21. Kxf2 Qf6+ 22. Nf3 Bxf3 23. Bxf3 Rac8 24. Rb1 Qg6 25. Be4 Qe6 26. Bf3 Rc4 27. Qb3 Rfc8 28. Bd2 a4 29. Qe3 Rc2 30. Qxe6 fxe6 31. Ke3 Rb8 32. Bd1 Rcxb2 33. Rxb2 Rxb2 34. a3 Ra2 35. Bc1 Rxh2 36. Bxa4 Kf7 37. Bb3 h5 38. Kf4 Kf6 39. a4 g5+ 40. Kf3 g4+ 41. Ke4 h4 42. gxh4 Rxh4 43. Bb2+ Kf7 44. Ke5 g3 45. Bxe6+ Ke8 46. Bd5 Rh5+ 47. Ke6 Rxd5 1/2-1/2

[Event "Czech Open GM 2019"]
[Site "Pardubice"]
[Date "2019.07.22"]
[Round "4.4"]
[White "Domogaev, Sergey"]
[Black "Van Foreest, Jorden"]
[Result "0-1"]
[WhiteElo "2332"]
[BlackElo "2612"]
[Annotator "ChessBase"]
[PlyCount "130"]
[EventDate "2019.07.19"]
[EventType "swiss"]
[EventCountry "CZE"]
[SourceTitle "playchess.com"]
[Source "ChessBase"]
[SourceQuality "1"]

1. d4 f5 2. Nc3 Nf6 3. Bg5 d5 4. e3 e6 5. Nf3 a6 6. Be2 c5 7. O-O Nc6 8. Ne5 Bd6 9. Nxc6 bxc6 10. Na4 cxd4 11. exd4 O-O 12. c4 h6 13. Bc1 Ne4 14. c5 Bc7 15. f4 a5 16. Be3 Kh7 17. Rc1 Rg8 18. Bd3 Ba6 19. Bxa6 Rxa6 20. Qh5 Ra7 21. b3 Bb8 22. Nb2 g6 23. Qf3 g5 24. Nd3 Rg6 25. Rc2 Rag7 26. Rb1 Bc7 27. a3 Qf6 28. Ne5 Bxe5 29. dxe5 Qd8 30. fxg5 hxg5 31. g4 Rf7 32. gxf5 Rxf5 33. Qg2 g4 34. Rf1 g3 35. Qh3+ Kg7 36. Rxf5 exf5 37. Bf4 Ng5 38. Qf1 gxh2+ 39. Kh1 d4 40. Rg2 Qd5 41. Kxh2 Ne6 42. Rxg6+ Kxg6 43. Qh3 Nxf4 44. Qg3+ Kf7 45. Qxf4 Ke6 46. Qh6+ Kxe5 47. Qg7+ Ke6 48. Qg8+ Kd7 49. Qxd5+ cxd5 50. Kg3 d3 51. Kf3 f4 52. Kf2 Kc7 53. Kf3 Kc6 54. b4 d4 55. Kf2 a4 56. Kf3 Kd5 57. Kf2 Ke4 58. c6 f3 59. c7 d2 60. c8=Q d1=Q 61. b5 Qd2+ 62. Kg3 Qf4+ 63. Kh3 f2 64. Qc2+ d3 65. Qc4+ Ke5 0-1

[Event "Czech Open GM 2019"]
[Site "Pardubice"]
[Date "2019.07.22"]
[Round "4.5"]
[White "Nguyen, Piotr"]
[Black "Kraus, Tomas"]
[Result "1/2-1/2"]
[WhiteElo "2420"]
[BlackElo "2486"]
[Annotator "ChessBase"]
[PlyCount "55"]
[EventDate "2019.07.19"]
[EventType "swiss"]
[EventCountry "CZE"]
[SourceTitle "playchess.com"]
[Source "ChessBase"]
[SourceQuality "1"]

1. c4 e6 2. g3 d5 3. Bg2 dxc4 4. Nf3 Nd7 5. O-O Ngf6 6. Qc2 a6 7. a4 c5 8. a5 b5 9. axb6 Bb7 10. Na3 Nxb6 11. Nxc4 Nxc4 12. Qxc4 Bd6 13. Qa4+ Qd7 14. d3 Ke7 15. Nd2 Bxg2 16. Kxg2 Qxa4 17. Rxa4 Rhb8 18. b3 Rb4 19. Ra2 Nd5 20. Bb2 f6 21. Rfa1 Rb6 22. Nc4 Rc6 23. Na5 Rc7 24. Nc4 Rc6 25. Ra4 e5 26. e3 Ke6 27. f4 Nb6 28. R4a3 1/2-1/2

[Event "Czech Open GM 2019"]
[Site "Pardubice"]
[Date "2019.07.22"]
[Round "4.5"]
[White "Sylvan, Jacob"]
[Black "Martinez Alcantara, Jose Eduardo"]
[Result "0-1"]
[WhiteElo "2326"]
[BlackElo "2601"]
[Annotator "TA"]
[PlyCount "72"]
[EventDate "2019.07.19"]
[EventType "swiss"]
[EventCountry "CZE"]
[SourceTitle "playchess.com"]
[Source "ChessBase"]
[SourceQuality "1"]

1. e4 c5 2. Nf3 Nc6 3. d4 cxd4 4. Nxd4 Nf6 5. Nc3 e5 6. Ndb5 d6 7. Bg5 a6 8. Na3 b5 9. Nd5 Be7 10. Bxf6 Bxf6 11. c3 O-O 12. Nc2 Rb8 13. h4 Be7 14. Nce3 g6 15. h5 Bg5 16. Bd3 Be6 17. Qe2 Ne7 18. a4 Nxd5 19. Nxd5 Bxd5 20. exd5 e4 21. Bc2 e3 22. fxe3 Re8 23. e4 bxa4 24. hxg6 hxg6 25. Bxa4 Re5 26. g4 Qf6 27. Rf1 Qe7 28. Bc2 Rxb2 29. Rxa6 Qb7 30. Ra1 Qc8 31. Rf3 Rxc2 32. Qxc2 Qxg4 33. Ra8+ Kg7 34. Qf2 Qxe4+ 35. Kf1 Qxd5 36. Ra7 Bf6 0-1

[Event "Czech Open GM 2019"]
[Site "Pardubice"]
[Date "2019.07.22"]
[Round "4.6"]
[White "Krejci, Jan"]
[Black "Vyskocil, Neklan"]
[Result "1-0"]
[WhiteElo "2578"]
[BlackElo "2304"]
[Annotator "ChessBase"]
[PlyCount "107"]
[EventDate "2019.07.19"]
[EventType "swiss"]
[EventCountry "CZE"]
[SourceTitle "playchess.com"]
[Source "ChessBase"]
[SourceQuality "1"]

1. c4 c5 2. Nf3 Nc6 3. b3 e5 4. Nc3 g6 5. Bb2 Bg7 6. e3 Nge7 7. Be2 O-O 8. O-O d5 9. cxd5 Nxd5 10. Rc1 b6 11. a3 Bb7 12. Qc2 Rc8 13. Qb1 Re8 14. Rfd1 Nxc3 15. Bxc3 e4 16. Ne1 Qe7 17. Bxg7 Kxg7 18. d3 Rcd8 19. dxe4 Qxe4 20. Qxe4 Rxe4 21. Rxd8 Nxd8 22. Rd1 Nc6 23. Nc2 Re8 24. Rd7 Re7 25. Rd6 Ne5 26. f3 Rd7 27. Rxd7 Nxd7 28. e4 f5 29. exf5 gxf5 30. Kf2 Bd5 31. b4 cxb4 32. Nxb4 Bb7 33. Ke3 Kf6 34. Kd4 Nc5 35. Nd5+ Bxd5 36. Kxd5 f4 37. Bb5 h6 38. a4 a6 39. Bc6 Nb3 40. Ke4 Kg5 41. Ke5 Nc5 42. Kd6 Nb3 43. Kc7 b5 44. Bxb5 axb5 45. axb5 Kf5 46. b6 Ke5 47. b7 Nc5 48. b8=Q Na6+ 49. Kb7+ Nxb8 50. Kxb8 Kd6 51. Kc8 h5 52. Kd8 h4 53. h3 Ke5 54. Ke7 1-0

[Event "Czech Open GM 2019"]
[Site "Pardubice"]
[Date "2019.07.22"]
[Round "4.6"]
[White "Hollan, Martin"]
[Black "Gagare, Shardul"]
[Result "1/2-1/2"]
[WhiteElo "2416"]
[BlackElo "2476"]
[Annotator "ChessBase"]
[PlyCount "27"]
[EventDate "2019.07.19"]
[EventType "swiss"]
[EventCountry "CZE"]
[SourceTitle "playchess.com"]
[Source "ChessBase"]
[SourceQuality "1"]

1. c4 e5 2. Nc3 Bb4 3. Nf3 Bxc3 4. bxc3 e4 5. Nd4 d6 6. d3 c5 7. Nc2 Nf6 8. Bg5 h6 9. Bh4 O-O 10. Ne3 Re8 11. d4 Qa5 12. Qd2 Nh7 13. g4 Nc6 14. Rd1 1/2-1/2

[Event "Czech Open GM 2019"]
[Site "Pardubice"]
[Date "2019.07.22"]
[Round "4.7"]
[White "Dixit, Nikhil"]
[Black "Vorobiov, Evgeny E."]
[Result "1/2-1/2"]
[WhiteElo "2318"]
[BlackElo "2578"]
[Annotator "ChessBase"]
[PlyCount "88"]
[EventDate "2019.07.19"]
[EventType "swiss"]
[EventCountry "CZE"]
[SourceTitle "playchess.com"]
[Source "ChessBase"]
[SourceQuality "1"]

1. e4 c5 2. Nf3 Nc6 3. d4 cxd4 4. Nxd4 Nf6 5. Nc3 d6 6. Bg5 e6 7. Qd2 a6 8. O-O-O Be7 9. f4 Bd7 10. Nf3 b5 11. Bxf6 gxf6 12. f5 Qb6 13. Ne2 Qa5 14. Qxa5 Nxa5 15. Nf4 Bf8 16. Kb1 Bh6 17. g3 Ke7 18. Nd4 Bxf4 19. fxe6 fxe6 20. gxf4 Nc6 21. Nxc6+ Bxc6 22. Bd3 Rag8 23. Rhg1 h5 24. Kc1 h4 25. Rde1 e5 26. fxe5 dxe5 27. Kd2 h3 28. Rxg8 Rxg8 29. Bf1 Rg1 30. Bxh3 Rxe1 31. Kxe1 Bxe4 32. Bc8 a5 33. Kd2 f5 34. Ba6 Bc6 35. c4 bxc4 36. Bxc4 f4 37. Kc3 e4 38. Kd4 e3 39. Be2 Kf6 40. h4 Kf5 41. b3 Bb7 42. a3 Bc6 43. b4 axb4 44. axb4 f3 1/2-1/2

[Event "Czech Open GM 2019"]
[Site "Pardubice"]
[Date "2019.07.22"]
[Round "4.7"]
[White "Kutynec, Vladimir"]
[Black "Nagy, Gabor"]
[Result "0-1"]
[WhiteElo "2252"]
[BlackElo "2474"]
[Annotator "ChessBase"]
[PlyCount "62"]
[EventDate "2019.07.19"]
[EventType "swiss"]
[EventCountry "CZE"]
[SourceTitle "playchess.com"]
[Source "ChessBase"]
[SourceQuality "1"]

1. Nf3 Nf6 2. c4 g6 3. Nc3 Bg7 4. e4 d6 5. d4 O-O 6. Be2 Na6 7. Be3 e5 8. O-O Ng4 9. Bg5 Qe8 10. d5 h6 11. Bh4 f5 12. Nd2 g5 13. Bg3 Nf6 14. f3 Qg6 15. Rc1 h5 16. c5 Nxc5 17. b4 Na6 18. Nb5 Rf7 19. Bf2 g4 20. fxg4 Nxg4 21. Bxg4 hxg4 22. Rc4 f4 23. Qc2 g3 24. hxg3 fxg3 25. Bxg3 Qxg3 26. Rxf7 Kxf7 27. Nf1 Qe1 28. Nxc7 Bh6 29. Qd3 Bg4 30. Nxa6 Be2 31. Rc7+ Kf6 0-1

[Event "Czech Open GM 2019"]
[Site "Pardubice"]
[Date "2019.07.22"]
[Round "4.8"]
[White "Simacek, Pavel"]
[Black "Pesotskiy, Mikhail"]
[Result "1/2-1/2"]
[WhiteElo "2490"]
[BlackElo "2301"]
[Annotator "TA"]
[PlyCount "54"]
[EventDate "2019.07.19"]
[EventType "swiss"]
[EventCountry "CZE"]
[SourceTitle "playchess.com"]
[Source "ChessBase"]
[SourceQuality "1"]

1. e4 e6 2. d4 d5 3. Nd2 Be7 4. Bd3 c5 5. dxc5 Nf6 6. Qe2 O-O 7. Ngf3 a5 8. e5 Nfd7 9. h4 h6 10. Nb3 a4 11. Nbd4 Nxc5 12. Rh3 f5 13. exf6 Bxf6 14. Ne5 Bxe5 15. Qxe5 Nbd7 16. Qh5 Nf6 17. Qg6 e5 18. Rg3 Qe7 19. Ne2 Nfe4 20. Bxh6 Nxd3+ 21. Rxd3 Ra6 22. Qxg7+ Qxg7 23. Bxg7 Kxg7 24. Rxd5 Nxf2 25. Rxe5 Ng4 26. Rg5+ Kh6 27. O-O-O Ne3 1/2-1/2

[Event "Czech Open GM 2019"]
[Site "Pardubice"]
[Date "2019.07.22"]
[Round "4.8"]
[White "Saduakassova, Dinara"]
[Black "Punin, Andrii"]
[Result "1/2-1/2"]
[WhiteElo "2474"]
[BlackElo "2305"]
[Annotator "ChessBase"]
[PlyCount "80"]
[EventDate "2019.07.19"]
[EventType "swiss"]
[EventCountry "CZE"]
[SourceTitle "playchess.com"]
[Source "ChessBase"]
[SourceQuality "1"]

1. e4 c6 2. d4 d5 3. Nc3 dxe4 4. Nxe4 Bf5 5. Ng3 Bg6 6. h4 h6 7. Nf3 e6 8. Ne5 Bh7 9. Bd3 Bxd3 10. Qxd3 Nd7 11. f4 Be7 12. Bd2 Nxe5 13. fxe5 Bxh4 14. O-O-O Bxg3 15. Qxg3 Ne7 16. Qxg7 Rg8 17. Qxh6 Qd5 18. Kb1 O-O-O 19. Qf6 Rxg2 20. Bc3 Nf5 21. Qxf7 Rg7 22. Qf6 Rdg8 23. a3 Qd7 24. Bb4 Qe8 25. Rdf1 Rf7 26. Rxf5 Rxf6 27. Rxf6 Qd7 28. Bd6 b6 29. Rhf1 Rg7 30. a4 Kb7 31. Rf8 c5 32. dxc5 Qxa4 33. b3 Qd4 34. Rb8+ Kc6 35. cxb6 Rg1 36. Rxg1 Qxg1+ 37. Kb2 Qd4+ 38. Kb1 Qd1+ 39. Kb2 Qd4+ 40. Kb1 Qd1+ 1/2-1/2

[Event "Czech Open GM 2019"]
[Site "Pardubice"]
[Date "2019.07.22"]
[Round "4.9"]
[White "Laznicka, Viktor"]
[Black "Cukrowski, Filip"]
[Result "1-0"]
[WhiteElo "2658"]
[BlackElo "2421"]
[Annotator "TA"]
[PlyCount "35"]
[EventDate "2019.07.19"]
[EventType "swiss"]
[EventCountry "CZE"]
[SourceTitle "playchess.com"]
[Source "ChessBase"]
[SourceQuality "1"]

1. d4 Nf6 2. c4 e6 3. Nf3 d5 4. g3 Be7 5. Bg2 O-O 6. O-O Nbd7 7. Qc2 dxc4 8. Qxc4 a6 9. Qc2 c5 10. Rd1 Ra7 11. Nc3 b5 12. Be3 Ng4 13. Bf4 Bb7 14. d5 e5 15. Bc1 Bd6 16. a4 bxa4 17. Rxa4 Ngf6 18. Nh4 1-0